000 00688nam a2200217 4500
999 _c12970
_d12970
003 MIRAKIL
005 20190315175522.0
008 190315b tu ||||| |||| 00| 0 tur d
020 _a0521286565
040 _aTR-AnCHP
_cTR-AnCHP
041 _aeng
082 _a320.50941
_bB84 2000
245 1 0 _aBurke, Paine, Godwin, and the revolution controversy /
_ceditör Marilyn Butler.
260 _aCambridge :
_bCambridge University Press,
_c2000.
300 _axii, 260 s.:
_c22 sm.
504 _aKaynakça vardır.
650 0 _95084
_aSiyaset Bilimi
_xİngiltere
_xTarih
651 0 _95478
_aİngiltere
_xSiyasi tarih
_y18. yy
700 _95479
_aButler, Marilyn.
_eed.
942 _2ddc
_cBKS